Education Policy Outlook 2019 Working Together to Help Students Achieve their Potential
Salvato in:
| Natura: | Libro |
|---|---|
| Lingua: | inglese |
| Pubblicazione: |
Paris
OECD
2019
|
| Soggetti: | |
| Tags: |
Nessun Tag, puoi essere il primo ad aggiungerne!!
|
MARC
| LEADER | 00000nam a2200000 4500 | ||
|---|---|---|---|
| 001 | 0267376 | ||
| 005 | 20221220064404.7 | ||
| 020 | |a 978-92-64-88019-1 | ||
| 041 | 0 | |a eng | |
| 044 | |a FR | ||
| 245 | 1 | 0 | |a Education Policy Outlook 2019 |b Working Together to Help Students Achieve their Potential |
| 264 | 1 | |a Paris |b OECD |c 2019 | |
| 300 | |a 610 s. | ||
| 610 | 2 | 0 | |a politika vzdelávania |
| 610 | 2 | 0 | |a vzdelávanie |
| 610 | 2 | 0 | |a deti |
| 610 | 2 | 0 | |a vzdelávanie celoživotné |
| 610 | 2 | 0 | |a študenti |
| 610 | 2 | 0 | |a školy |
| 610 | 2 | 0 | |a riadenie |
| 610 | 2 | 0 | |a financovanie školstva |
| 610 | 2 | 0 | |a porovnanie štatistické |